000 00820nam a2200217 a 4500
003 0
005 20250306163354.0
008 090706s19uu xx uuu eng d
050 _aPGS TD 430
_b.Ah286 2009
100 _aAhmed, Sharmil.
245 _aMethods of removing colloidal and other suspended particles from lightly polluted water /
_cSharmil Ahmed.
260 _aLas PiƱas City, Philippines :
_bSouthville International School and Colleges,
_c2009.
300 _a24 pages :
_bcolored illustrations ;
_c28 cm.
504 _aIncludes bibliographical references.
650 _aWater
_vPurification.
650 _aSuspended sediments
_vRemoval.
650 _aColloids
_vEnvironmental aspects.
650 _aWater treatment plants
_vFiltration.
650 _aCoagulation (Chemistry).
942 _2lcc
_cPASS
999 _c98151
_d98151